000 01396nam a2200313Ia 4500
005 20211105120609.0
008 130821s2013 xxuad gr 1 eng d
020 _a787960551
020 _a9781118124253 [2a.Ed.]
040 _aCo-BoUCM
_bspa
_cSaul Niño (Modificó)
_d[Nuevo]
041 0 0 _aeng
100 1 _aFink, L. Dee
_d1940-
_980246
245 1 0 _aCreating significant learning experiences, revised and update
_cL. Dee Fink
_ban integrated approach to designing college courses
246 1 _aCreating significant learning experiences
_ban integrated approach to designing college courses
250 _a[2a.Ed.]
260 _aSan Francisco (California, Estados Unidos)
_bJossey-Bass
_c2013
300 _axviii, 334 páginas
_bilustraciones, tablas, gráficas
490 0 _aThe Jossey-Bass higher and adult education series
500 _a2013 - Edición revisada y actualizada
504 _aIncluye referencias bibliográficas e índices
650 1 7 _aEducación superior
_zEstados Unidos
_939343
650 2 7 _aEnseñanza universitaria
_zEstados Unidos
_979099
650 2 7 _aPlanes de estudio
_zEstados Unidos
_921628
650 2 7 _aPlanificación universitaria
_zEstados Unidos
_921676
650 2 7 _aProfesores universitarios
_zEstados Unidos
_922476
690 _aEducación superior
_9177
942 _cLIBRO
_a10
_e2
_mF499c
_2DEWEY
_h378.12
_n0
999 _c63945
_d63945